000 00517nam a2200181Ia 4500
003 OSt
005 20191223130855.0
008 190216s9999||||xx |||||||||||||| ||und||
040 _coclc
082 _a336
_bMIT/M
100 _aMithani, D M
_9552
245 0 _aModern Public Finance Theory And Practice /
_c D M Mithani
250 _a1st ed.
260 _bHimalaya Publishing House,
_c1998.
_aNew Delhi:
300 _a478p
650 _aEconomics
942 _cBK
_2ddc
_h336
_iMIT/M
_k336
_mMIT/M
999 _c10089
_d10089